| 000 | 00342nam a22001577a 4500 | ||
|---|---|---|---|
| 003 | SGT | ||
| 020 | _a9789391787691 | ||
| 082 |
_a346.015 _bDIW |
||
| 100 | _aDIWAN ,PARAS | ||
| 245 | _aFAMILY LAW | ||
| 250 | _a25 | ||
| 260 |
_aFARIDABAD _bALLAHABAD LAW AGENCY _c2021 |
||
| 300 | _aXLVIII ,612 | ||
| 653 | _aFAMILY LAW | ||
| 942 |
_2ddc _cBK _079 |
||
| 999 |
_c22493 _d22493 |
||